Wszystkie miejscowości w powiecie Limanowskim (z mapą) - Statystyki

Ogólne statystyki
  • Ten quiz został rozwiązany 65 razy
  • Średni wynik to 59 z 88
Odpowiedzi na mapie
Odpowiedzi zakodowano w zielono-czerwonej skali na mapie do tego quizu, zgodnie z poniższymi procentami.
 
Statystyki odpowiedzi
Miejscowość % Poprawnych
Limanowa
95%
Mszana Dolna
90%
Kasina Wielka
87%
Mszana Górna
85%
Słopnice
85%
Tymbark
85%
Dobra
82%
Kasinka Mała
82%
Laskowa
82%
Szczyrzyc
82%
Gruszowiec
79%
Męcina
79%
Niedźwiedź
79%
Jodłownik
77%
Jurków
77%
Łukowica
77%
Pisarzowa
77%
Półrzeczki
77%
Chyszówki
74%
Kamienica
74%
Łostówka
74%
Podłopień
74%
Poręba Wielka
74%
Skrzydlna
74%
Szczawa
74%
Wilczyce
74%
Wilkowisko
74%
Wola Skrzydlańska
74%
Zamieście
74%
Lubomierz
72%
Stara Wieś
72%
Łętowe
69%
Szyk
69%
Zalesie
69%
Bałażówka
67%
Koszary
67%
Krasne-Lasocice
67%
Lipowe
67%
Łososina Górna
67%
Mordarka
67%
Mstów
67%
Pasierbiec
67%
Piekiełko
67%
Sowliny
67%
Pogorzany
64%
Porąbka
64%
Stróża
64%
Wysokie
64%
Żmiąca
64%
Góra Świętego Jana
62%
Janowice
62%
Kamionka Mała
62%
Kłodne
62%
Konina
62%
Krosna
62%
Olszówka
62%
Przyszowa
62%
Raba Niżna
62%
Rupniów
62%
Sechna
62%
Siekierczyna
62%
Ujanowice
62%
Zasadne
62%
Zawadka
62%
Glisne
59%
Kanina
59%
Kisielówka
59%
Kostrza
59%
Młynne
59%
Sadek
59%
Strzeszyce
59%
Świdnik
59%
Jaworzna
56%
Kobyłczyna
56%
Makowica
56%
Przenosza
56%
Młyńczyska
54%
Nowe Rybie
54%
Roztoka
54%
Słupia
54%
Stare Rybie
54%
Zbludza
54%
Jadamwola
51%
Jastrzębie
51%
Owieczka
51%
Podobin
51%
Walowa Góra
51%
Stronie
44%
Nie znaleziono quizów pasujących do podanych kryteriów
Rozkład punktacji
Procent ludzi z każdym wynikiem
Percentyl według liczby udzielonych odpowiedzi
Twoja historia wyników
Nie rozwiązałeś tego quizu